000 00497nmm a2200157Ia 4500
008 251105s9999||||xx |||||||||||||||||und||
020 _a9789707186217
041 _aspa
100 _aLahor, Jean
245 0 _aModernismo - La ruptura con el pasado
264 _a[Washington, Estados Unidos] :
_bParkstone International,
_c[Fecha de publicación no identificada]
300 _a0 pƔginas
650 _aArts in general
856 _uhttps://public.digitaliapublishing.com/a/122970
942 _cCF
999 _c97159
_d97159